00981nam a22002417a 450000100040000000500170000402000300002102000180005104000230006905000220009208200190011410000220013324500390015525000420019426000350023630000440027150001460031550500060046152001780046752100190064552100160066465000590068068520241217144805.0 a9780670012435 (hardcover) a9780545453509 aDLCcDLCdDLCbeng00aG530.T6bD46 201100a910.9163/42221 aDenenberg, Barry.10aTitanic sinks! /cBarry Denenberg. aFirst Scholastic printing, April 2012 aNew York :bScholastic,c2011. a72 pages :bcolor illustrationsc29 cm. a"Modern times : your world illustrated ; a special memorial edition of Modern Times magazine's historic coverage of the Titanic tragedy"-T.p. aZ aPresents the true story of the building and launching of the Titanic and offers a "you are there" feeling when the steamship struck an iceberg and sank on her maiden voyage. a1200 bLexile aZbRaz-Plus 0aShipwreckszNorth Atlantic OceanvJuvenile literature.